[Event "Torneo Kutxa"]
[Site "San Sebastián ESP"]
[Date "2009.07.07"]
[Round "1.1"]
[White "Argandoña Riveiro, Iñigo"]
[Black "Hamdouchi, Hicham"]
[Result "0-1"]
[WhiteElo "2364"]
[BlackElo "2589"]
[PlyCount "94"]
[EventDate "2009.07.07"]
[EventType "tourn"]
[EventRounds "9"]
[EventCountry "ESP"]
[EventCategory "11"]
[Source "lmi"]
[SourceDate "2009.07.07"]

1. Nf3 c5 2. c4 g6 3. e4 Bg7 4. d4 Qb6 5. dxc5 Qxc5 6. Be2 Nc6 7. O-O Nf6 8.
Nc3 O-O 9. Be3 Qa5 10. Nd2 d6 11. f4 Nd7 12. Kh1 Qd8 13. Nb3 b6 14. Bf3 Bb7 15.
Qe2 a5 16. Rfd1 a4 17. Nd4 Nxd4 18. Bxd4 e5 19. fxe5 Nxe5 20. Rac1 Re8 21. Nb5
f5 22. Bxe5 Bxe5 23. Nxd6 Bxd6 24. e5 Rxe5 25. Qxe5 Bxe5 26. Rxd8+ Rxd8 27.
Bxb7 Bxb2 28. Rb1 Rd2 29. Bc6 a3 30. Ba4 Kg7 31. Rd1 Re2 32. Kg1 Be5 33. Bb3
Kf6 34. g3 Rb2 35. Rd3 h5 36. h3 g5 37. Kh1 g4 38. hxg4 hxg4 39. Kg1 Kg5 40.
Kf1 Bf6 41. c5 bxc5 42. Be6 Bd4 43. Rxa3 f4 44. gxf4+ Kxf4 45. Bd5 Rf2+ 46. Ke1
g3 47. Rd3 Ke5 0-1

[Event "Torneo Kutxa"]
[Site "San Sebastián ESP"]
[Date "2009.07.07"]
[Round "1.2"]
[White "Ubilava, Elizbar"]
[Black "Hauchard, Arnaud"]
[Result "1/2-1/2"]
[WhiteElo "2547"]
[BlackElo "2528"]
[PlyCount "125"]
[EventDate "2009.07.07"]
[EventType "tourn"]
[EventRounds "9"]
[EventCountry "ESP"]
[EventCategory "11"]
[Source "lmi"]
[SourceDate "2009.07.07"]

1. d4 d5 2. c4 c6 3. Nf3 Nf6 4. Nc3 e6 5. Bg5 h6 6. Bxf6 Qxf6 7. e3 Nd7 8. Bd3
Qd8 9. O-O Be7 10. e4 dxe4 11. Nxe4 O-O 12. Re1 Qb6 13. c5 Qc7 14. Rc1 Rd8 15.
Qe2 Nf8 16. Ng3 Bd7 17. Ne5 Be8 18. Qe3 f6 19. Nf3 Bf7 20. Bc4 b5 21. Bb3 Re8
22. Re2 Qd7 23. Qf4 Bd8 24. Ne4 Bc7 25. Qe3 Ng6 26. g3 Qe7 27. Nc3 Rad8 28. Qe4
Qd7 29. Rce1 Kf8 30. Rd2 Ba5 31. h4 Kg8 32. h5 Nf8 33. Qh4 Nh7 34. a3 Ng5 35.
Nxg5 hxg5 36. Qe4 e5 37. Bxf7+ Qxf7 38. Qxc6 exd4 39. Rxe8+ Qxe8 40. Qxe8+ Rxe8
41. Rxd4 Bxc3 42. bxc3 Rc8 43. Rd5 Kf7 44. c6 Rxc6 45. Rxb5 Rxc3 46. Rb7+ Kg8
47. Rxa7 g4 48. Kf1 Kh7 49. Ke2 Kh6 50. a4 f5 51. a5 Ra3 52. a6 Kxh5 53. Ra8
Kg6 54. Kd2 Kh7 55. Kc2 g6 56. Kb2 Ra5 57. Kb3 Kg7 58. Kb4 Ra2 59. Kb3 Ra1 60.
Ra7+ Kf6 61. Ra8 Kg7 62. Kc4 Ra2 63. Kb3 1/2-1/2

[Event "Torneo Kutxa"]
[Site "San Sebastián ESP"]
[Date "2009.07.07"]
[Round "1.3"]
[White "Bauer, Christian"]
[Black "Fernandes, Antonio"]
[Result "1-0"]
[WhiteElo "2602"]
[BlackElo "2415"]
[PlyCount "72"]
[EventDate "2009.07.07"]
[EventType "tourn"]
[EventRounds "9"]
[EventCountry "ESP"]
[EventCategory "11"]
[Source "lmi"]
[SourceDate "2009.07.07"]

1. Nf3 Nf6 2. c4 e6 3. g3 d5 4. d4 c6 5. Bg2 Nbd7 6. O-O Be7 7. Qc2 O-O 8. Rd1
b5 9. c5 a5 10. Bf4 Nh5 11. e3 f5 12. Nbd2 Nhf6 13. Ng5 Nb8 14. Nh3 Bd7 15. f3
Be8 16. Nf2 Nh5 17. Be5 Nd7 18. Nd3 Nhf6 19. a3 g5 20. b4 a4 21. Qc3 g4 22. Rf1
gxf3 23. Nxf3 Ne4 24. Qe1 Ndf6 25. h3 Bh5 26. Nh2 Ra7 27. Nf4 Qc8 28. Bxe4 dxe4
29. Bxf6 Rxf6 30. Nxh5 Rh6 31. Nf4 Bf6 32. Ra2 Rg7 33. Rg2 Qe8 34. g4 Bh4 35.
Qe2 Qe7 36. Kh1 Kh8 1-0

[Event "Torneo Kutxa"]
[Site "San Sebastián ESP"]
[Date "2009.07.07"]
[Round "1.5"]
[White "Magem Badals, Jordi"]
[Black "Fernandez Garcia, Jose Luis"]
[Result "1-0"]
[WhiteElo "2534"]
[BlackElo "2465"]
[PlyCount "81"]
[EventDate "2009.07.07"]
[EventType "tourn"]
[EventRounds "9"]
[EventCountry "ESP"]
[EventCategory "11"]
[Source "lmi"]
[SourceDate "2009.07.07"]

1. e4 e5 2. Bc4 Nf6 3. d3 Nc6 4. Nc3 Bb4 5. Nge2 d5 6. exd5 Nxd5 7. O-O Be6 8.
Bxd5 Bxd5 9. f4 O-O 10. f5 f6 11. Nxd5 Qxd5 12. Ng3 Rfd8 13. Ne4 Rd7 14. Be3
Rad8 15. Qg4 Kh8 16. Rf3 Bf8 17. Rh3 Nb4 18. Qe2 b6 19. a3 Na6 20. Qh5 Qg8 21.
Rf1 Bc5 22. Nxc5 Nxc5 23. Rh4 e4 24. Bxc5 exd3 25. Be3 dxc2 26. Qe2 Re7 27. Rh3
Qb3 28. Bc1 Rxe2 29. Rxb3 Rd1 30. Rbf3 c5 31. R3f2 Ree1 32. Rxe1 Rxe1+ 33. Rf1
Rd1 34. Kf2 b5 35. Ke2 Rd5 36. Be3 b4 37. axb4 cxb4 38. b3 a5 39. Rc1 Rxf5 40.
Rxc2 h5 41. Rc5 1-0

[Event "Torneo Kutxa"]
[Site "San Sebastián ESP"]
[Date "2009.07.08"]
[Round "2.1"]
[White "Hamdouchi, Hicham"]
[Black "Fernandez Garcia, Jose Luis"]
[Result "1/2-1/2"]
[WhiteElo "2589"]
[BlackElo "2465"]
[PlyCount "92"]
[EventDate "2009.07.07"]
[EventType "tourn"]
[EventRounds "9"]
[EventCountry "ESP"]
[EventCategory "11"]
[Source "lmi"]
[SourceDate "2009.07.07"]

1. e4 Nf6 2. e5 Nd5 3. d4 d6 4. c4 Nb6 5. exd6 cxd6 6. Nc3 g6 7. Be3 Bg7 8. Rc1
O-O 9. b3 e5 10. dxe5 dxe5 11. Qxd8 Rxd8 12. c5 N6d7 13. Nf3 Nc6 14. Bc4 Na5
15. Be2 b6 16. Na4 Nxc5 17. Nxc5 bxc5 18. Rxc5 e4 19. Nd2 Nb7 20. Rc6 Nd6 21.
O-O Nf5 22. Nxe4 Bb7 23. Nf6+ Bxf6 24. Rxf6 Nxe3 25. fxe3 Rd2 26. Rxf7 Bd5 27.
R7f2 Rxa2 28. Bc4 Ra5 29. b4 Bxc4 30. bxa5 Bxf1 31. Rxf1 Re8 32. Kf2 Re5 33.
Ra1 a6 34. Ra4 Kf7 35. Kf3 Rb5 36. h4 h5 37. g4 hxg4+ 38. Kxg4 Kf6 39. e4 Re5
40. Kf3 Rh5 41. Kg4 Re5 42. Kf4 g5+ 43. hxg5+ Rxg5 44. Ra2 Rb5 45. Ra3 Ke6 46.
Ra4 Rh5 1/2-1/2

[Event "Torneo Kutxa"]
[Site "San Sebastián ESP"]
[Date "2009.07.08"]
[Round "2.2"]
[White "Cifuentes Parada, Roberto"]
[Black "Magem Badals, Jordi"]
[Result "1/2-1/2"]
[WhiteElo "2539"]
[BlackElo "2534"]
[PlyCount "76"]
[EventDate "2009.07.07"]
[EventType "tourn"]
[EventRounds "9"]
[EventCountry "ESP"]
[EventCategory "11"]
[Source "lmi"]
[SourceDate "2009.07.07"]

1. d4 d5 2. Nf3 c5 3. g3 e6 4. Bg2 Nc6 5. O-O Nf6 6. c4 dxc4 7. Qa4 Bd7 8. dxc5
Na5 9. Qc2 Bxc5 10. Ne5 Rc8 11. Bg5 h6 12. Bxf6 gxf6 13. Nxd7 Qxd7 14. Rd1 Qc7
15. Qa4+ Ke7 16. b4 cxb3 17. axb3 Nc6 18. Nc3 Qe5 19. Ne4 Rhd8 20. Nxc5 Rxd1+
21. Rxd1 Qxc5 22. b4 Qc4 23. Bxc6 Rxc6 24. Qxa7 Qxb4 25. Qb8 Qb6 26. Qh8 Rd6
27. Rc1 Qd8 28. Qxh6 Rd1+ 29. Kg2 Qd5+ 30. f3 Rxc1 31. Qxc1 b5 32. Qc3 Qd6 33.
h4 b4 34. Qb2 Qc5 35. Kf1 Qa5 36. h5 Qxh5 37. Qxb4+ Ke8 38. Qd6 Qf5 1/2-1/2

[Event "Torneo Kutxa"]
[Site "San Sebastián ESP"]
[Date "2009.07.08"]
[Round "2.3"]
[White "Fernandes, Antonio"]
[Black "Van Wely, Loek"]
[Result "0-1"]
[WhiteElo "2415"]
[BlackElo "2655"]
[PlyCount "148"]
[EventDate "2009.07.07"]
[EventType "tourn"]
[EventRounds "9"]
[EventCountry "ESP"]
[EventCategory "11"]
[Source "lmi"]
[SourceDate "2009.07.07"]

1. d4 Nf6 2. Nf3 d5 3. c4 e6 4. g3 dxc4 5. Qa4+ Nbd7 6. Bg2 a6 7. Qxc4 b5 8.
Qc6 Rb8 9. Bf4 Nd5 10. Bg5 Be7 11. Bxe7 Qxe7 12. O-O Bb7 13. Qc2 c5 14. dxc5
Rc8 15. Nbd2 Nxc5 16. Rac1 O-O 17. a3 Na4 18. Qb1 b4 19. axb4 Qxb4 20. Qe4 Rfd8
21. Rxc8 Rxc8 22. Ra1 Bc6 23. Qxb4 Nxb4 24. Nd4 Bd7 25. f4 Nxb2 26. Bb7 Rb8 27.
Bxa6 h5 28. Nc4 Nxa6 29. Nxb2 Nc5 30. Nc4 f6 31. Rc1 Ne4 32. Kf1 Rc8 33. Nb3 e5
34. Ke1 exf4 35. gxf4 Bb5 36. Na3 Rb8 37. Nxb5 Rxb5 38. Nd2 Nd6 39. h3 Rb4 40.
Rc6 Nf5 41. Rc4 Rb2 42. Rc3 Ra2 43. Rc5 Ng3 44. Rc3 h4 45. Re3 Ra4 46. Nf3 Nf5
47. Re8+ Kf7 48. Rb8 Rxf4 49. Rb6 g5 50. Kf2 Re4 51. Rb5 Kg6 52. Ra5 Ng3 53.
Ra2 Nh5 54. Rc2 Nf4 55. Ng1 Ra4 56. Rd2 Ra3 57. e3 Nd3+ 58. Ke2 Ne5 59. Rc2 Ra1
60. Nf3 Nxf3 61. Kxf3 Rg1 62. Ke4 Rg3 63. Rh2 Kf7 64. Rh1 Kg6 65. Rh2 g4 66.
hxg4 Kg5 67. Rf2 Rxg4+ 68. Kf3 Rg3+ 69. Ke4 Rg4+ 70. Kf3 h3 71. Rf1 Kh4 72. Ra1
h2 73. Rh1 Rg3+ 74. Kf4 Kh3 0-1

[Event "Torneo Kutxa"]
[Site "San Sebastián ESP"]
[Date "2009.07.08"]
[Round "2.4"]
[White "Hauchard, Arnaud"]
[Black "Bauer, Christian"]
[Result "1/2-1/2"]
[WhiteElo "2528"]
[BlackElo "2602"]
[PlyCount "133"]
[EventDate "2009.07.07"]
[EventType "tourn"]
[EventRounds "9"]
[EventCountry "ESP"]
[EventCategory "11"]
[Source "lmi"]
[SourceDate "2009.07.07"]

1. Nf3 d5 2. d4 Nf6 3. c4 dxc4 4. e3 g6 5. Bxc4 Bg7 6. O-O O-O 7. b4 Ne4 8.
Nbd2 Nd6 9. Be2 Bf5 10. Bb2 a5 11. a3 Qe8 12. Nc4 axb4 13. axb4 Nd7 14. Qb3
Nxc4 15. Qxc4 c6 16. Rxa8 Qxa8 17. Ra1 Qb8 18. b5 c5 19. Qa2 Be6 20. Qb1 Rc8
21. dxc5 Nxc5 22. Bxg7 Kxg7 23. Qb4 b6 24. Nd4 Bd7 25. Bf3 Qe5 26. Rd1 Qf6 27.
Nc6 Ra8 28. Qd4 Ra4 29. Qd5 h5 30. h3 Ra3 31. Rd4 Bf5 32. g4 hxg4 33. hxg4 Bd3
34. g5 Qe6 35. Qe5+ Qxe5 36. Nxe5 Bxb5 37. Rb4 Ra5 38. Bc6 Nd3 39. Rxb5 Rxb5
40. Bxb5 Nxe5 41. Kg2 f6 42. f4 Nf7 43. gxf6+ exf6 44. Bc4 Nd6 45. Bd5 f5 46.
Kf3 Kf6 47. Ke2 Nb5 48. Kd3 Nc7 49. Bc4 Ne6 50. Kc3 Ke7 51. Kb4 Nc7 52. Bg8 Kf6
53. Kc3 Nb5+ 54. Kd3 Nd6 55. Bd5 Ke7 56. Kd4 Ne8 57. Bc4 Nf6 58. Ke5 Ng4+ 59.
Kd4 Nf2 60. Bd5 Kf6 61. Kc4 Ng4 62. Kd4 g5 63. fxg5+ Kxg5 64. Be6 Kf6 65. Bc8
Ne5 66. Kd5 b5 67. Kc5 1/2-1/2

[Event "Torneo Kutxa"]
[Site "San Sebastián ESP"]
[Date "2009.07.08"]
[Round "2.5"]
[White "Argandoña Riveiro, Iñigo"]
[Black "Ubilava, Elizbar"]
[Result "1/2-1/2"]
[WhiteElo "2364"]
[BlackElo "2547"]
[PlyCount "117"]
[EventDate "2009.07.07"]
[EventType "tourn"]
[EventRounds "9"]
[EventCountry "ESP"]
[EventCategory "11"]
[Source "lmi"]
[SourceDate "2009.07.07"]

1. e4 c5 2. Nf3 d6 3. Bb5+ Nd7 4. Nc3 Ngf6 5. d4 cxd4 6. Qxd4 e5 7. Qd3 Be7 8.
Bg5 O-O 9. Bxd7 Bxd7 10. Bxf6 Bxf6 11. Qxd6 Bc6 12. Qxd8 Rfxd8 13. a4 Rac8 14.
Ke2 a6 15. Rhd1 Re8 16. Ne1 Bd8 17. Nd5 Kf8 18. c3 Re6 19. Nc2 Be8 20. Nce3 a5
21. c4 g6 22. b3 Bg5 23. f3 Kg8 24. Rd3 Bh6 25. Rad1 Bf8 26. g4 h6 27. h4 Kg7
28. g5 Bc6 29. Ng4 h5 30. Ngf6 Bc5 31. Kf1 Rd6 32. Ke2 Rcd8 33. Ne3 Rxd3 34.
Rxd3 Rxd3 35. Kxd3 Kf8 36. Nfd5 Ke8 37. Ke2 Kd7 38. Nd1 Kd6 39. Nb2 Bd4 40. Nd3
Bd7 41. Ne3 Be6 42. Nc2 Bb6 43. Na3 Ke7 44. Nxe5 Bc7 45. f4 Bxe5 46. fxe5 Bg4+
47. Kd3 Bd1 48. Nb5 Bxb3 49. Nd6 Ke6 50. Kd4 b6 51. Nc8 Bxa4 52. Nxb6 Bc6 53.
c5 Bb5 54. Nc4 a4 55. Na3 Bc6 56. Nb1 Bb5 57. Na3 Bc6 58. Nb1 Bb5 59. Na3
1/2-1/2

[Event "Torneo Kutxa"]
[Site "San Sebastián ESP"]
[Date "2009.07.09"]
[Round "3.4"]
[White "Magem Badals, Jordi"]
[Black "Fernandes, Antonio"]
[Result "1-0"]
[WhiteElo "2534"]
[BlackElo "2415"]
[PlyCount "45"]
[EventDate "2009.07.07"]
[EventType "tourn"]
[EventRounds "9"]
[EventCountry "ESP"]
[EventCategory "11"]
[Source "lmi"]
[SourceDate "2009.07.07"]

1. e4 e5 2. Nf3 Nc6 3. Bb5 a6 4. Bxc6 dxc6 5. O-O f6 6. d4 Bg4 7. c3 Qd6 8. Be3
O-O-O 9. Nbd2 Qe6 10. Qc2 Re8 11. dxe5 fxe5 12. b4 Qg6 13. Rfb1 Nf6 14. Ne1 Be7
15. f3 Bd7 16. Nc4 Bd6 17. Rd1 Re6 18. Rd2 Kb8 19. Nd3 Bc8 20. Nc5 Bxc5 21.
bxc5 Ree8 22. Rb1 Nh5 23. Na5 1-0

[Event "Torneo Kutxa"]
[Site "San Sebastián ESP"]
[Date "2009.07.09"]
[Round "3.5"]
[White "Fernandez Garcia, Jose Luis"]
[Black "Cifuentes Parada, Roberto"]
[Result "1/2-1/2"]
[WhiteElo "2465"]
[BlackElo "2539"]
[PlyCount "58"]
[EventDate "2009.07.07"]
[EventType "tourn"]
[EventRounds "9"]
[EventCountry "ESP"]
[EventCategory "11"]
[Source "lmi"]
[SourceDate "2009.07.07"]

1. e4 c5 2. Nf3 e6 3. d4 cxd4 4. Nxd4 Nf6 5. Nc3 Nc6 6. Ndb5 Bb4 7. a3 Bxc3+ 8.
Nxc3 d5 9. exd5 exd5 10. Bd3 O-O 11. O-O d4 12. Ne2 Bg4 13. f3 Bh5 14. Nf4 Bg6
15. Nxg6 hxg6 16. f4 Ne7 17. Qf3 Qb6 18. Bd2 Rfe8 19. a4 a6 20. a5 Qc7 21. Ra4
Nf5 22. Rc4 Qd7 23. Rb4 Re7 24. Re1 Rae8 25. Rxe7 Rxe7 26. h3 Nh4 27. Qf2 Nf5
28. Qf3 Nh4 29. Qf2 Nf5 1/2-1/2

[Event "Torneo Kutxa"]
[Site "San Sebastián ESP"]
[Date "2009.07.11"]
[Round "4.1"]
[White "Hamdouchi, Hicham"]
[Black "Cifuentes Parada, Roberto"]
[Result "1-0"]
[WhiteElo "2589"]
[BlackElo "2539"]
[PlyCount "73"]
[EventDate "2009.07.07"]
[EventType "tourn"]
[EventRounds "9"]
[EventCountry "ESP"]
[EventCategory "11"]
[Source "lmi"]
[SourceDate "2009.07.07"]

1. d4 d5 2. c4 c6 3. Nf3 Nf6 4. e3 e6 5. Bd3 Nbd7 6. b3 Bd6 7. Bb2 Qe7 8. O-O
e5 9. dxe5 Nxe5 10. cxd5 Nfg4 11. g3 Nxf3+ 12. Qxf3 Ne5 13. Qd1 h5 14. Nc3 h4
15. Ne4 hxg3 16. fxg3 Bh3 17. Rf4 O-O-O 18. Nxd6+ Qxd6 19. Be2 cxd5 20. Qd4 Nc6
21. Qxg7 Be6 22. Rc1 Kb8 23. Qxh8 Rxh8 24. Bxh8 a6 25. Bb2 Nb4 26. a3 Na2 27.
Rc2 Qb6 28. Be5+ Ka8 29. Kf2 Qxb3 30. Bd1 Qxa3 31. Ra4 Qd3 32. Rd4 Qa3 33. Rh4
a5 34. Rh8+ Ka7 35. Bd4+ Ka6 36. Be2+ b5 37. Rc7 1-0

[Event "Torneo Kutxa"]
[Site "San Sebastián ESP"]
[Date "2009.07.11"]
[Round "4.2"]
[White "Fernandes, Antonio"]
[Black "Fernandez Garcia, Jose Luis"]
[Result "1/2-1/2"]
[WhiteElo "2415"]
[BlackElo "2465"]
[PlyCount "37"]
[EventDate "2009.07.07"]
[EventType "tourn"]
[EventRounds "9"]
[EventCountry "ESP"]
[EventCategory "11"]
[Source "lmi"]
[SourceDate "2009.07.07"]

1. d4 Nf6 2. c4 g6 3. Nc3 d5 4. Nf3 Bg7 5. Qb3 dxc4 6. Qxc4 O-O 7. e4 a6 8. Bf4
b5 9. Qxc7 Qxc7 10. Bxc7 Bb7 11. e5 Nd5 12. Nxd5 Bxd5 13. Be2 Rc8 14. Bb6 Nc6
15. O-O f6 16. exf6 Bxf6 17. a3 Rab8 18. Bc5 Rd8 19. Rad1 1/2-1/2

[Event "Torneo Kutxa"]
[Site "San Sebastián ESP"]
[Date "2009.07.11"]
[Round "4.4"]
[White "Argandoña Riveiro, Iñigo"]
[Black "Van Wely, Loek"]
[Result "0-1"]
[WhiteElo "2364"]
[BlackElo "2655"]
[PlyCount "72"]
[EventDate "2009.07.07"]
[EventType "tourn"]
[EventRounds "9"]
[EventCountry "ESP"]
[EventCategory "11"]
[Source "lmi"]
[SourceDate "2009.07.07"]

1. d4 Nf6 2. c4 g6 3. Nf3 Bg7 4. Nc3 d5 5. Qa4+ Bd7 6. Qb3 dxc4 7. Qxc4 O-O 8.
e4 Bg4 9. Be2 Nfd7 10. Be3 Nc6 11. Rd1 Bxf3 12. Bxf3 e5 13. d5 Nd4 14. Ne2
Nxf3+ 15. gxf3 Qf6 16. Ng1 Rfc8 17. h4 Nb6 18. Qb3 c5 19. Bg5 Qd6 20. Ne2 c4
21. Qc2 Nd7 22. Kf1 b5 23. Be3 h5 24. f4 exf4 25. Bxf4 Qf6 26. Rd2 b4 27. Rh3
Qa6 28. Qb1 c3 29. bxc3 bxc3 30. Rc2 Rc4 31. Re3 Nf6 32. Rexc3 Rxe4 33. Rc6 Qd3
34. R6c3 Qxd5 35. Rc8+ Kh7 36. Nc3 Qd3+ 0-1

[Event "Torneo Kutxa"]
[Site "San Sebastián ESP"]
[Date "2009.07.12"]
[Round "5.3"]
[White "Magem Badals, Jordi"]
[Black "Argandoña Riveiro, Iñigo"]
[Result "1-0"]
[WhiteElo "2534"]
[BlackElo "2364"]
[PlyCount "83"]
[EventDate "2009.07.07"]
[EventType "tourn"]
[EventRounds "9"]
[EventCountry "ESP"]
[EventCategory "11"]
[Source "lmi"]
[SourceDate "2009.07.07"]

1. e4 e5 2. Bc4 f5 3. d3 Nf6 4. Nf3 c6 5. O-O d6 6. Re1 fxe4 7. dxe4 Qe7 8. a4
Be6 9. Nbd2 Nbd7 10. b3 Nc5 11. Ba3 Nfd7 12. a5 Rd8 13. Qe2 Qf6 14. Rad1 Be7
15. b4 Na4 16. Qe3 Bxc4 17. Nxc4 b5 18. axb6 Naxb6 19. Qb3 Nxc4 20. Qxc4 Nb8
21. b5 c5 22. Ra1 Nd7 23. Qa4 O-O 24. Qxa7 Qg6 25. Re3 Rf7 26. b6 Nb8 27. Qa4
Rdf8 28. Kh1 Bd8 29. Rb1 Rb7 30. Reb3 Rf4 31. Qc4+ Qf7 32. Qe2 Nc6 33. c3 g5
34. Kg1 g4 35. Nd2 h5 36. Nc4 Qg6 37. Qd3 Kh7 38. Qd5 h4 39. Qxc6 Rbf7 40. Nxe5
Rxf2 41. Nxg6 h3 42. R3b2 1-0

[Event "Torneo Kutxa"]
[Site "San Sebastián ESP"]
[Date "2009.07.12"]
[Round "5.4"]
[White "Fernandez Garcia, Jose Luis"]
[Black "Hauchard, Arnaud"]
[Result "1/2-1/2"]
[WhiteElo "2465"]
[BlackElo "2528"]
[PlyCount "39"]
[EventDate "2009.07.07"]
[EventType "tourn"]
[EventRounds "9"]
[EventCountry "ESP"]
[EventCategory "11"]
[Source "lmi"]
[SourceDate "2009.07.07"]

1. e4 c6 2. c4 d5 3. cxd5 cxd5 4. exd5 Nf6 5. Nc3 Nxd5 6. Nf3 Nc6 7. Bb5 e6 8.
O-O Be7 9. d4 O-O 10. Re1 Bd7 11. Nxd5 exd5 12. Bf4 a6 13. Bxc6 Bxc6 14. Ne5
Rc8 15. Qb3 Bf6 16. Nxc6 Rxc6 17. Be5 Qd7 18. Bxf6 Rxf6 19. Re5 Rd8 20. Rae1
1/2-1/2

[Event "Torneo Kutxa"]
[Site "San Sebastián ESP"]
[Date "2009.07.12"]
[Round "5.4"]
[White "Cifuentes Parada, Roberto"]
[Black "Fernandes, Antonio"]
[Result "1/2-1/2"]
[WhiteElo "2539"]
[BlackElo "2415"]
[PlyCount "98"]
[EventDate "2009.07.07"]
[EventType "tourn"]
[EventRounds "9"]
[EventCountry "ESP"]
[EventCategory "11"]
[Source "lmi"]
[SourceDate "2009.07.07"]

1. Nf3 d5 2. d4 Nf6 3. c4 c6 4. e3 Bf5 5. Nc3 e6 6. Nh4 Be4 7. f3 Bg6 8. Qb3
Qc7 9. Bd2 Be7 10. O-O-O Nbd7 11. Nxg6 hxg6 12. h3 dxc4 13. Bxc4 b5 14. Be2 a6
15. Kb1 c5 16. dxc5 Nxc5 17. Qc2 Rc8 18. h4 O-O 19. Rc1 Qg3 20. Bf1 Rfd8 21.
Be1 Qe5 22. Nd1 Nd5 23. Ba5 Re8 24. e4 Nf4 25. Qd2 Qb8 26. Nf2 Nb7 27. Rxc8
Rxc8 28. Bc3 Rd8 29. Qc2 Nh5 30. Bd3 Qg3 31. Ng4 Nf4 32. Bf1 Nc5 33. a3 Na4 34.
Ba5 Rd4 35. Ka2 f5 36. exf5 gxf5 37. Ne5 Bf6 38. Qc8+ Kh7 39. Nf7 Qf2 40. Ng5+
Bxg5 41. hxg5+ Kg6 42. Qe8+ Kxg5 43. Bd8+ Rxd8 44. Qxd8+ Kg6 45. Qe8+ Kf6 46.
Qf8+ Kg6 47. Qe8+ Kg5 48. Qe7+ Kg6 49. Qe8+ Kg5 1/2-1/2

[Event "Torneo Kutxa"]
[Site "San Sebastián ESP"]
[Date "2009.07.13"]
[Round "6.3"]
[White "Argandoña Riveiro, Iñigo"]
[Black "Fernandez Garcia, Jose Luis"]
[Result "1/2-1/2"]
[WhiteElo "2364"]
[BlackElo "2465"]
[PlyCount "40"]
[EventDate "2009.07.07"]
[EventType "tourn"]
[EventRounds "9"]
[EventCountry "ESP"]
[EventCategory "11"]
[Source "lmi"]
[SourceDate "2009.07.07"]

1. Nf3 Nf6 2. c4 g6 3. Nc3 d5 4. cxd5 Nxd5 5. Qa4+ Nc6 6. Ne5 Ndb4 7. Nxc6 Nxc6
8. g3 Qd4 9. Qd1 Bg7 10. Bg2 O-O 11. O-O Be6 12. d3 Qd7 13. Qa4 Bh3 14. Be3
Bxg2 15. Kxg2 Rfd8 16. Rac1 Nd4 17. Bxd4 Bxd4 18. Qxd7 Rxd7 19. b3 Bxc3 20.
Rxc3 a5 1/2-1/2

[Event "Torneo Kutxa"]
[Site "San Sebastián ESP"]
[Date "2009.07.13"]
[Round "6.4"]
[White "Ubilava, Elizbar"]
[Black "Magem Badals, Jordi"]
[Result "1/2-1/2"]
[WhiteElo "2547"]
[BlackElo "2534"]
[PlyCount "26"]
[EventDate "2009.07.07"]
[EventType "tourn"]
[EventRounds "9"]
[EventCountry "ESP"]
[EventCategory "11"]
[Source "lmi"]
[SourceDate "2009.07.07"]

1. d4 d5 2. Nf3 c5 3. dxc5 e6 4. c4 Nf6 5. Nc3 Bxc5 6. cxd5 exd5 7. e3 O-O 8.
a3 Nc6 9. Be2 a6 10. b4 d4 11. exd4 Bxd4 12. Nxd4 Nxd4 13. Be3 Nxe2 1/2-1/2

[Event "Torneo Kutxa"]
[Site "San Sebastián ESP"]
[Date "2009.07.14"]
[Round "7.1"]
[White "Van Wely, Loek"]
[Black "Hamdouchi, Hicham"]
[Result "0-1"]
[WhiteElo "2655"]
[BlackElo "2589"]
[PlyCount "80"]
[EventDate "2009.07.07"]
[EventType "tourn"]
[EventRounds "9"]
[EventCountry "ESP"]
[EventCategory "11"]
[Source "lmi"]
[SourceDate "2009.07.07"]

1. d4 d5 2. c4 c6 3. Nf3 Nf6 4. Nc3 dxc4 5. a4 e6 6. e4 Bb4 7. e5 Ne4 8. Qc2
Qd5 9. Be2 b6 10. O-O Nxc3 11. bxc3 Be7 12. Nd2 Ba6 13. Ne4 O-O 14. Ba3 Qd8 15.
Nd6 Nd7 16. Bf3 Qc7 17. Qe4 c5 18. Qxa8 Rxa8 19. Bxa8 f6 20. Nb5 Qd8 21. Bc6
fxe5 22. d5 Nf6 23. d6 Bxd6 24. Rfd1 Bxb5 25. axb5 e4 26. g3 e3 27. fxe3 Qc7
28. Ra2 Be5 29. Rad2 h5 30. Bb2 Kh7 31. Kg2 a6 32. Kg1 h4 33. gxh4 axb5 34.
Bxb5 Ng4 35. h3 Bh2+ 36. Kh1 Qb7+ 37. Rg2 Nxe3 38. Rdd2 Bf4 39. Be8 Nxg2 40.
Rxg2 Qf3 0-1

[Event "Torneo Kutxa"]
[Site "San Sebastián ESP"]
[Date "2009.07.14"]
[Round "7.3"]
[White "Fernandez Garcia, Jose Luis"]
[Black "Ubilava, Elizbar"]
[Result "0-1"]
[WhiteElo "2465"]
[BlackElo "2547"]
[PlyCount "62"]
[EventDate "2009.07.07"]
[EventType "tourn"]
[EventRounds "9"]
[EventCountry "ESP"]
[EventCategory "11"]
[Source "lmi"]
[SourceDate "2009.07.07"]

1. e4 c5 2. Nf3 d6 3. Bb5+ Nd7 4. d4 Ngf6 5. Nc3 cxd4 6. Qxd4 e5 7. Qd3 h6 8.
Nd2 Be7 9. Nc4 O-O 10. Bxd7 Bxd7 11. Ne3 Be6 12. O-O Rc8 13. b3 Qd7 14. Bb2 Bd8
15. Ncd5 Bxd5 16. Nxd5 Nxd5 17. Qxd5 Rxc2 18. Bxe5 Bb6 19. Bxd6 Rd8 20. e5 Qf5
21. Qxb7 Bxf2+ 22. Kh1 Rdc8 23. Qxa7 Re2 24. Qb7 Rcc2 25. a4 Qg5 26. e6 fxe6
27. a5 Bd4 28. a6 Rxg2 29. Qa8+ Kh7 30. Qe4+ Qg6 31. Qxd4 Rxh2+ 0-1

[Event "Torneo Kutxa"]
[Site "San Sebastián ESP"]
[Date "2009.07.14"]
[Round "7.4"]
[White "Cifuentes Parada, Roberto"]
[Black "Argandoña Riveiro, Iñigo"]
[Result "1/2-1/2"]
[WhiteElo "2539"]
[BlackElo "2364"]
[PlyCount "32"]
[EventDate "2009.07.07"]
[EventType "tourn"]
[EventRounds "9"]
[EventCountry "ESP"]
[EventCategory "11"]
[Source "lmi"]
[SourceDate "2009.07.07"]

1. d4 d6 2. c4 e5 3. Nc3 Nd7 4. Nf3 Ngf6 5. Bg5 Be7 6. e3 O-O 7. Qc2 h6 8. Bh4
exd4 9. exd4 Re8 10. Be2 Nf8 11. O-O Bg4 12. h3 Bh5 13. Rfe1 Bg6 14. Bd3 Bxd3
15. Qxd3 Ng6 16. Bg3 Qd7 1/2-1/2

[Event "Torneo Kutxa"]
[Site "San Sebastián ESP"]
[Date "2009.07.14"]
[Round "7.5"]
[White "Fernandes, Antonio"]
[Black "Hauchard, Arnaud"]
[Result "1/2-1/2"]
[WhiteElo "2415"]
[BlackElo "2528"]
[PlyCount "115"]
[EventDate "2009.07.07"]
[EventType "tourn"]
[EventRounds "9"]
[EventCountry "ESP"]
[EventCategory "11"]
[Source "lmi"]
[SourceDate "2009.07.07"]

1. d4 Nf6 2. Nf3 e6 3. c4 b6 4. g3 Ba6 5. Qc2 Bb4+ 6. Bd2 Be7 7. Bg2 O-O 8. Ne5
d5 9. Nc3 c6 10. cxd5 cxd5 11. O-O Nfd7 12. Nf3 Bb7 13. a3 Nc6 14. b4 Rc8 15.
Qb2 Nf6 16. Rfc1 Ne4 17. Rc2 f5 18. e3 Bd6 19. Rac1 Qd7 20. Ne2 g5 21. b5 Nxd2
22. Nxd2 Na5 23. Rxc8 Rxc8 24. a4 Rc7 25. Bf1 Kf7 26. Rxc7 Qxc7 27. Qc3 Qxc3
28. Nxc3 Bb4 29. Ncb1 g4 30. h3 h5 31. hxg4 hxg4 32. f3 Nc4 33. Bxc4 dxc4 34.
Nxc4 Bxf3 35. Ne5+ Ke7 36. Nxf3 gxf3 37. Kf2 Kd6 38. Kxf3 Kd5 39. Ke2 Kc4 40.
Nd2+ Kc3 41. Nf3 Bd6 42. Ng5 Kb4 43. Nxe6 Kxa4 44. e4 fxe4 45. g4 Kxb5 46. g5
Be7 47. Ke3 a5 48. Kxe4 a4 49. Kd3 a3 50. Kc3 a2 51. Kb2 Kc4 52. g6 Bf6 53.
Kxa2 Kd5 54. g7 Bxg7 55. Nxg7 Kxd4 56. Kb3 b5 57. Kb4 Ke5 58. Kxb5 1/2-1/2